000 00626cab a2200241 4500
001 ABS54376
008 090401t1996 xxu||||| |||| 00| 0 eng d
035 _a(Sirsi) u10030
041 _aeng
100 _aThomas, S.
245 _aPossession and ownership
260 _c1996
350 _a0
490 _aBuilding
_v261(7924) 19 January 1996, 33(1)
520 _aConsiders problems over rights of ownership of documents between employer, contractor and consultant.
650 _aDOCUMENTS
650 _aDRAWINGS
650 _aOWNERSHIP
650 _aPLANS
690 _aLAW
942 _n0
948 _c04/03/1997
999 _c6302
_d6302